Villains by Letter-S - Statistics

General Stats
  • This quiz has been taken 48 times
  • The average score is 8 of 16
Answer Stats
Picture Answer % Correct
Scar
90%
Skeletor
78%
Sauron
73%
Sandman
68%
Saruman the White
68%
Sideshow Bob
63%
Spot
59%
Shredder
54%
Syndrome
51%
Savage Opress
46%
Sinestro
41%
Slade
39%
Scarecrow
27%
Salvatore Maroni
22%
Salim Abu Aziz
12%
Shadrac
10%
No matching quizzes found
Score Distribution
Percent of People with Each Score
Percentile by Number Answered
Your Score History
You have not taken this quiz